Villes des Hauts-de-France - Carte Quiz - Statistiques

Statistiques générales
  • Ce quiz a été pris 48 989 fois
  • Le résultat moyen est 7 sur 12
Réponses sur la Carte
Les réponses sont colorées sur une échelle allant du rouge au vert en fonction du pourcentage des utilisateurs qui les ont devinées à leur premier essai. Vous pouvez retrouver ces pourcentages ci-dessous.
 
Statistiques - réponses
Réponse % Correct
Lille
83%
Dunkerque
77%
Calais
76%
Amiens
61%
Lens
57%
Valenciennes
53%
Arras
52%
Beauvais
51%
Abbeville
47%
Compiègne
44%
Soissons
44%
Laon
39%
Aucun quiz correspondant
Distribution des résultats
% des personnes avec chaque résultat
Percentile par nombre de réponses
Votre historique - résultats
Vous n’avez pas pris ce quiz